000 00223nam a22000857a 4500
008 160719b xxu||||| |||| 00| 0 eng d
100 _93068
_a Mankoo, G.P.S
245 _aPaper Folding
260 _aNew Delhi
_bDreamland Publication
999 _c2631
_d2631